000 00499nam a2200181 i 4500
001 bg
100 1 _aGERSTENKORN, Tadeusz
245 0 _aKombinatoryka i rachunek prawdopodobieństwa /
_cTadeusz Gerstenkorn, Tadeusz Śródka.
250 _aWyd. 2.
260 _aWarszawa :
_bPaństwowe Wydaw. Naukowe,
_c1973.
300 _as. 432 :
_brys., tab.
700 1 _aŚRÓDKA, Tadeusz
040 _cBPK
041 _apol
080 _a519.1
942 _cKS
008 s pl f |000 0 pol
999 _c2227
_d2227
856 _uhttp://koha.tu.koszalin.pl/cgi-bin/koha/opac-detail.pl?biblionumber=2227
_yKatalog online BPK